El otoño del patriarca
Αποθηκεύτηκε σε:
| Κύριος συγγραφέας: | |
|---|---|
| Μορφή: | Βιβλίο |
| Γλώσσα: | Ισπανικά |
| Έκδοση: |
Barcelona
Bruguera
1980
|
| Έκδοση: | 1a. ed |
| Σειρά: | Club Bruguera, 3
|
| Θέματα: | |
| Ετικέτες: |
Προσθήκη ετικέτας
Δεν υπάρχουν, Καταχωρήστε ετικέτα πρώτοι!
|
MARC
| LEADER | 00000nam a2200000 a 4500 | ||
|---|---|---|---|
| 001 | UCH8763 | ||
| 003 | CL-VaPUC | ||
| 008 | 091211e19800000SP |||||||||||||||||spa|d | ||
| 020 | |a 8402067050 | ||
| 082 | 0 | 4 | |a 863 |b GAR |2 21 |
| 100 | 0 | |a García Márquez, Gabriel |e author |9 318478 | |
| 245 | 1 | 3 | |a El otoño del patriarca |
| 250 | |a 1a. ed | ||
| 300 | |a 344 p | ||
| 942 | |c BK | ||
| 945 | |d 20091211 00:00:00 |a cmena | ||
| 260 | |a Barcelona |b Bruguera |c 1980 | ||
| 650 | 0 | |a Novelas colombianas |9 266734 | |
| 583 | |a last modification |c 20091211 00:00:00 |k Rodrigo Vera | ||
| 490 | 0 | |a Club Bruguera, 3 | |
| 999 | |c 338873 |d 338871 | ||
| 952 | |0 0 |1 0 |4 0 |6 863_000000000000000_GAR_1980 |7 0 |8 C |9 432143 |a BIBCUR |b BIBCUR |d 2019-11-22 |i 4582616 |l 1 |o 863 GAR 1980 |p 4582616 |r 2025-04-22 |s 2024-03-12 |w 2019-11-22 |y BK |k CAC | ||